[Event "34th Chess Olympiad (men)"]
[Site "Istanbul"]
[Date "2000.11.09"]
[Round "12.3.3"]
[White "Baklan, Vladimir"]
[Black "Van, Der Sterren Paul"]
[WhiteElo "2599"]
[BlackElo "2569"]
[WhiteCountry "UKR"]
[BlackCountry "NED"]
[Result "1/2-1/2"]

1. e4 e5 2. Nf3 Nc6 3. d4 exd4 4. Nxd4 Bc5 5. Be3 Qf6 6. c3 Nge7 7. Bc4 Ne5 
8. Be2 Qg6 9. O-O d6 10. Kh1 Qxe4 11. Nd2 Qg6 12. Nb5 O-O 13. Nxc7 Rb8 
14. Bh5 Qf5 15. Nb5 Bxe3 16. fxe3 Qd3 17. Qe2 Bf5 18. e4 Bg6 19. Qxd3 Nxd3 
20. Bxg6 hxg6 21. b3 a6 22. Nxd6 
1/2-1/2

[Event "34th Chess Olympiad (men)"]
[Site "Istanbul"]
[Date "2000.11.09"]
[Round "12.3.4"]
[White "Nijboer, Friso"]
[Black "Eingorn, Vereslav S"]
[WhiteElo "2537"]
[BlackElo "2586"]
[WhiteCountry "NED"]
[BlackCountry "UKR"]
[Result "1/2-1/2"]

1. e4 c5 2. Nf3 e6 3. d4 cxd4 4. Nxd4 a6 5. Bd3 g6 6. O-O Bg7 7. c3 d6 
8. Na3 Nf6 9. Bg5 O-O 10. Qd2 Nbd7 11. Rfe1 Qc7 12. Nf3 b6 13. Rad1 Bb7 
14. Qf4 Rfe8 15. Bc4 Nxe4 16. Rxe4 Bxe4 17. Qxe4 d5 18. Qf4 Ne5 19. Bb3 f6 
20. Bxf6 Nxf3+ 21. Qxf3 Rf8 22. Bxd5 exd5 23. Qxd5+ Qf7 24. Qxf7+ Rxf7 
25. Bxg7 Kxg7 26. Nc2 Raa7 27. f3 Rad7 28. Nd4 Rfe7 29. Kf2 Kf6 30. h4 h5 
31. a3 b5 32. Rd2 Re5 33. Rc2 Re8 34. Rc1 Re5 35. Rd1 Re8 36. Rf1 Kg7 
37. Rg1 Rd5 38. Rh1 Rd7 39. Ra1 Rd5 40. Rc1 Rd7 41. Rc2 Kf6 42. b4 Kg7 
43. Nb3 Rd1 44. Nc5 Ra1 45. Nxa6 Rxa3 46. Nc7 Re5 47. f4 Rf5 48. Ke3 Kf7 
49. Ke4 Ra7 50. Nd5 Rd7 51. Ne3 Rf6 52. f5 Re7+ 53. Kf3 Rd6 54. Kf4 Rd3 
55. fxg6+ Kxg6 56. Nf5 Rc7 57. Ra2 Rf7 58. g4 hxg4 59. Ra6+ Kh7 60. Rh6+ Kg8 
61. Rg6+ Kh7 62. Rh6+ Kg8 63. Rg6+ Kh7 64. Ke4 
1/2-1/2

[Event "34th Chess Olympiad (men)"]
[Site "Istanbul"]
[Date "2000.11.09"]
[Round "12.5.3"]
[White "Ionescu, Constantin"]
[Black "Avrukh, Boris"]
[WhiteElo "2492"]
[BlackElo "2625"]
[WhiteCountry "ROM"]
[BlackCountry "ISR"]
[Result "0-1"]

1. Nf3 c5 2. c4 Nc6 3. g3 g6 4. d4 cxd4 5. Nxd4 Bg7 6. Nc2 d6 7. Bg2 h5 
8. h3 Be6 9. Ne3 Qd7 10. Nd2 Rc8 11. Rb1 Nf6 12. Ndf1 O-O 13. b3 b5 
14. cxb5 Nb4 15. a4 Bf5 16. Rb2 Ne4 17. Bxe4 Bxe4 18. f3 Bxf3 
0-1

[Event "34th Chess Olympiad (men)"]
[Site "Istanbul"]
[Date "2000.11.09"]
[Round "12.6.3"]
[White "Timoscenko, Genadij"]
[Black "Kurajica, Bojan"]
[WhiteElo "2529"]
[BlackElo "2534"]
[WhiteCountry "SVK"]
[BlackCountry "BIH"]
[Result "1/2-1/2"]

1. d4 Nf6 2. c4 e6 3. Nc3 Bb4 4. Qc2 O-O 5. Nf3 d6 6. Bg5 Nbd7 7. e3 c5 
8. Bd3 Qa5 9. O-O cxd4 10. exd4 Bxc3 11. bxc3 b6 12. Rfb1 Bb7 13. Rb5 Qa6 
14. Nd2 Bc6 15. Rb4 Qb7 16. f3 Qc7 17. a4 Rfe8 18. Qa2 d5 19. Bh4 Qf4 
20. Bf2 e5 21. cxd5 Bxd5 22. Qc2 e4 23. Nxe4 Nxe4 24. fxe4 Bxe4 25. Bxe4 Rxe4 
26. a5 Rae8 27. d5 h6 28. axb6 axb6 29. Rxe4 Rxe4 30. Ra8+ Kh7 31. Re8 f5 
32. Rxe4 fxe4 33. Bd4 b5 34. Qf2 Qg5 35. Qf7 Ne5 36. Bxe5 Qxe5 37. Kf2 e3+ 
38. Ke2 Qxc3 39. Qf5+ Kg8 40. Qe6+ Kf8 41. Qd6+ Ke8 42. Qe6+ Kd8 43. Qb6+ Kc8 
44. Qa6+ Kd8 45. Qd6+ Kc8 46. Qa6+ Kd8 47. Qd6+ Kc8 48. Qa6+ Kd8 
1/2-1/2

[Event "34th Chess Olympiad (men)"]
[Site "Istanbul"]
[Date "2000.11.09"]
[Round "12.6.4"]
[White "Dizdarevic, Emir"]
[Black "Markos, Jan"]
[WhiteElo "2527"]
[BlackElo "2327"]
[WhiteCountry "BIH"]
[BlackCountry "SVK"]
[Result "1-0"]

1. c4 c5 2. g3 Nc6 3. Bg2 g6 4. Nc3 Bg7 5. a3 d6 6. Rb1 a5 7. d3 e6 8. Bd2 Nge7 
9. Nf3 O-O 10. O-O b6 11. Qc1 Bb7 12. Bh6 Bxh6 13. Qxh6 Nf5 14. Qd2 Rb8 
15. e3 Ne5 16. Nxe5 dxe5 17. b4 Bxg2 18. Kxg2 Qg5 19. Ne4 Qe7 20. bxc5 bxc5 
21. Qxa5 Rbc8 22. Qc3 f6 23. Rb6 Rfd8 24. Rfb1 Nd6 25. a4 Nxe4 26. dxe4 Rd7 
27. a5 Ra8 28. a6 Qd8 29. Qb3 Kg7 30. Rb8 Rxb8 31. Qxb8 Qxb8 32. Rxb8 Kh6 
33. Rb5 Ra7 34. Rb6 f5 35. Kf3 Rf7 36. Rb7 fxe4+ 37. Ke2 Rf8 38. a7 Ra8 
39. Kd1 Rd8+ 40. Kc2 Ra8 41. Kb3 Kg5 42. h3 
1-0

[Event "34th Chess Olympiad (men)"]
[Site "Istanbul"]
[Date "2000.11.09"]
[Round "12.7.4"]
[White "Emms, John M"]
[Black "Fressinet, Laurent"]
[WhiteElo "2527"]
[BlackElo "2536"]
[WhiteCountry "ENG"]
[BlackCountry "FRA"]
[Result "1-0"]

1. e4 c5 2. Nf3 d6 3. d4 cxd4 4. Nxd4 Nf6 5. Nc3 a6 6. Bc4 e6 7. a4 Nc6 
8. O-O Be7 9. Be3 O-O 10. Kh1 Re8 11. Bb3 Bd7 12. f4 Rc8 13. f5 Nxd4 
14. Bxd4 e5 15. Be3 Bc6 16. Qd3 b5 17. axb5 axb5 18. Bg5 Ng4 19. Qh3 Bxg5 
20. Qxg4 Be3 21. f6 g6 22. Rf3 Bf4 23. Qh4 b4 24. Nd5 Bxd5 25. Bxd5 Rxc2 
26. Raf1 h5 27. Rxf4 exf4 28. Qg5 Kh7 29. Bxf7 Rg8 30. h3 Qf8 31. Bxg8+ Qxg8 
32. Rxf4 Qf7 33. e5 dxe5 34. Qxe5 b3 35. Rf1 Rd2 36. Rf3 Rd5 37. Qb8 Rf5 
38. Qxb3 Qxf6 39. Rxf5 Qxf5 40. Qb7+ Kh6 41. Qb8 g5 42. Kh2 g4 43. hxg4 Qxg4 
44. Qh8+ 
1-0

[Event "34th Chess Olympiad (men)"]
[Site "Istanbul"]
[Date "2000.11.09"]
[Round "12.10.1"]
[White "Nogueiras, Jesus"]
[Black "Milos, Gilberto"]
[WhiteElo "2552"]
[BlackElo "2633"]
[WhiteCountry "CUB"]
[BlackCountry "BRA"]
[Result "1/2-1/2"]

1. Nf3 Nf6 2. c4 b6 3. g3 Bb7 4. Bg2 e6 5. O-O Be7 6. Nc3 O-O 7. d4 Ne4 
8. Nxe4 Bxe4 9. Ne1 Bxg2 10. Nxg2 d5 11. Qa4 
1/2-1/2

[Event "34th Chess Olympiad (men)"]
[Site "Istanbul"]
[Date "2000.11.09"]
[Round "12.11.2"]
[White "Magai, Vladimir"]
[Black "Kunte, Abhijit"]
[WhiteElo "2546"]
[BlackElo "2556"]
[WhiteCountry "KGZ"]
[BlackCountry "IND"]
[Result "1/2-1/2"]

1. d4 Nf6 2. c4 e6 3. Nf3 b6 4. Nc3 Bb4 5. Qb3 a5 6. Bg5 Bb7 7. e3 O-O 
8. Bd3 h6 9. Bh4 d6 10. O-O-O Bxc3 11. Qxc3 Nbd7 12. Qc2 c5 13. d5 exd5 
14. cxd5 Qe8 15. Bb5 Qc8 16. e4 Ba6 17. Bc6 Bb7 18. Bg3 Re8 19. Rhe1 Bxc6 
20. dxc6 Qxc6 21. Rxd6 Qb7 22. e5 Nh7 23. Qc4 Nhf8 24. Red1 Re6 25. Qd5 Qxd5 
26. R6xd5 Ra7 27. Nd2 f6 28. f4 fxe5 29. fxe5 Nb8 30. Nc4 Rd7 31. a4 Kf7 
32. R1d3 Rxd5 33. Rxd5 Ke7 34. Bh4+ g5 35. Be1 Nfd7 36. Bc3 Nc6 37. Kb1 Nb4 
38. Rd2 Nc6 39. Rd5 
1/2-1/2

[Event "34th Chess Olympiad (men)"]
[Site "Istanbul"]
[Date "2000.11.09"]
[Round "12.11.4"]
[White "Inarkiev, Ernesto"]
[Black "Barua, Dibyendu"]
[WhiteElo "2432"]
[BlackElo "2502"]
[WhiteCountry "KGZ"]
[BlackCountry "IND"]
[Result "1/2-1/2"]

1. d4 d5 2. c4 e6 3. Nc3 Nf6 4. Bg5 Nbd7 5. cxd5 exd5 6. e3 Be7 7. Bd3 O-O 
8. Nf3 Re8 9. h3 Nf8 10. Qc2 a6 11. O-O Be6 12. Na4 Ne4 13. Bxe7 Rxe7 
14. Nc5 Nd6 15. b4 c6 16. a4 Qc8 17. Nxe6 Qxe6 18. b5 axb5 19. axb5 Rc8 
20. Qb3 g6 21. bxc6 bxc6 22. Ra6 Rec7 23. Rc1 Nd7 24. Qa3 c5 25. Bf1 Qe7 
26. Ra5 Ne4 27. Ba6 Ra8 28. Bc4 Rxa5 29. Qxa5 Ndf6 30. Qa8+ Kg7 31. Bxd5 Ra7 
32. Qc6 Rc7 33. Qa8 
1/2-1/2

[Event "34th Chess Olympiad (men)"]
[Site "Istanbul"]
[Date "2000.11.09"]
[Round "12.12.1"]
[White "Torre, Eugenio"]
[Black "Giorgadze, Giorgi"]
[WhiteElo "2552"]
[BlackElo "2599"]
[WhiteCountry "PHI"]
[BlackCountry "GEO"]
[Result "1/2-1/2"]

1. d4 d5 2. Bg5 Qd6 3. Nc3 c6 4. Nf3 Bf5 5. e3 Nd7 6. Nh4 e6 7. Bf4 Qb4 
8. Nxf5 Qxb2 9. Nxg7+ Bxg7 10. Kd2 e5 11. Rb1 Qa3 12. Qg4 Qf8 13. Bxe5 Nxe5 
14. dxe5 Bxe5 15. Rxb7 Nf6 16. Qf5 Bxc3+ 17. Kxc3 Ne4+ 18. Kb2 Qg7+ 19. Kc1 O-O 
20. Qf4 Qa1+ 21. Rb1 Qc3 22. Rb3 Qa1+ 23. Rb1 Qc3 24. Rb3 Qa1+ 
1/2-1/2

[Event "34th Chess Olympiad (men)"]
[Site "Istanbul"]
[Date "2000.11.09"]
[Round "12.12.2"]
[White "Sturua, Zurab"]
[Black "Villamayor, Bong"]
[WhiteElo "2594"]
[BlackElo "2495"]
[WhiteCountry "GEO"]
[BlackCountry "PHI"]
[Result "1/2-1/2"]

1. d4 d5 2. c4 c6 3. Nf3 Nf6 4. e3 Bf5 5. Nc3 e6 6. Nh4 Be4 7. f3 Bg6 
8. Qb3 Qb6 9. Nxg6 hxg6 10. Bd2 Nbd7 11. O-O-O Be7 12. Kb1 O-O-O 13. Qc2 dxc4 
14. Bxc4 Kb8 15. e4 Ka8 16. Bf4 Qa5 17. a3 Rc8 18. Ba2 Nb6 19. Rd3 Rhd8 
20. Rhd1 c5 21. dxc5 Qxc5 22. Rxd8 Rxd8 23. Rxd8+ Bxd8 24. Qd2 Bc7 25. Be3 Qc6 
26. g4 a6 27. Qd4 Nc8 28. Bb3 Bb6 29. Qd2 Bxe3 30. Qxe3 Nd7 31. Qf4 Nc5 
32. Bc2 f6 33. g5 e5 34. Qh4 Nb6 35. Qh8+ Ka7 36. Qxg7 fxg5 37. Qxe5 Ne6 
38. Nd5 Nc4 39. Qc3 Qc5 40. Ka2 Qd4 41. Bb3 Nd2 42. Ne3 Qxc3 43. bxc3 Nc5 
44. Bf7 Nxf3 45. Bxg6 Nxh2 46. e5 Nf3 47. Ng4 Kb8 48. Bf7 Kc7 49. Kb1 Kd7 
50. Bd5 Nxe5 51. Nxe5+ Kd6 52. Nf7+ Kxd5 53. Nxg5 Ke5 
1/2-1/2

[Event "34th Chess Olympiad (men)"]
[Site "Istanbul"]
[Date "2000.11.09"]
[Round "12.12.3"]
[White "Nadera, Barlo A"]
[Black "Gelashvili, Tamaz"]
[WhiteElo "2403"]
[BlackElo "2519"]
[WhiteCountry "PHI"]
[BlackCountry "GEO"]
[Result "0-1"]

1. d4 d5 2. Nf3 e6 3. g3 Nf6 4. Bg2 c5 5. e3 Nc6 6. O-O Be7 7. b3 O-O 8. Bb2 b6 
9. Nbd2 Ba6 10. Re1 Rc8 11. a3 Qc7 12. Ne5 Nxe5 13. dxe5 Nd7 14. f4 c4 
15. bxc4 Bxc4 16. Nf3 Nc5 17. a4 Qd7 18. Ba3 Rfe8 19. a5 bxa5 20. Nd4 Bd8 
21. Qh5 g6 22. Qh6 f5 23. exf6 Bxf6 24. Bh3 Ne4 25. Bg4 Ba6 26. Bb2 Rb8 
27. Rxa5 Bc8 28. Ba1 Bg7 29. Qh3 h5 30. Bxh5 gxh5 31. Qxh5 Rf8 32. c4 Nf6 
33. Qg6 Qc7 34. Ra2 dxc4 35. Nf3 Bb7 36. Ng5 Qc6 37. e4 c3 38. Rc2 Qc5+ 
39. Kg2 Qf5 40. Qxf5 exf5 
0-1

[Event "34th Chess Olympiad (men)"]
[Site "Istanbul"]
[Date "2000.11.09"]
[Round "12.12.4"]
[White "Jobava, Baadur"]
[Black "Bancod, Ronald"]
[WhiteElo "2480"]
[BlackElo "2364"]
[WhiteCountry "GEO"]
[BlackCountry "PHI"]
[Result "1-0"]

1. d4 Nf6 2. c4 c5 3. d5 b5 4. cxb5 a6 5. bxa6 g6 6. Nc3 Bxa6 7. g3 d6 
8. Bg2 Bg7 9. Nf3 Nbd7 10. O-O Nb6 11. Re1 O-O 12. e4 Nfd7 13. Qc2 Nc4 
14. Rd1 Qa5 15. Bh3 Ra7 16. Rb1 Rb8 17. a3 Nxa3 18. Ra1 Nxc2 19. Rxa5 Ne5 
20. Nxe5 Bxe5 21. Bf4 Bd4 22. Bf1 Rxb2 23. Nb5 Bxb5 24. Rxa7 Bxf1 25. Bh6 Rb8 
26. Kxf1 Re8 27. Rb1 Nb4 28. Rd7 f6 29. Ke2 g5 30. h4 Kf7 31. hxg5 Ra8 
32. Rd1 Na2 33. Rxd4 cxd4 34. gxf6 Kxf6 35. f4 Nb4 36. Bg5+ Kg6 37. Bxe7 Ra2+ 
38. Kf3 d3 39. f5+ Kh6 40. Kg4 
1-0

[Event "34th Chess Olympiad (men)"]
[Site "Istanbul"]
[Date "2000.11.09"]
[Round "12.13.1"]
[White "Papaioannou, Ioannis"]
[Black "Beliavsky, Alexander G"]
[WhiteElo "2578"]
[BlackElo "2654"]
[WhiteCountry "GRE"]
[BlackCountry "SLO"]
[Result "1/2-1/2"]

1. d4 Nf6 2. Nf3 e6 3. g3 d5 4. Bg2 Be7 5. c4 O-O 6. O-O dxc4 7. Qc2 a6 
8. a4 Bd7 9. Qxc4 Bc6 10. Bg5 Bd5 11. Qd3 c5 12. dxc5 Bxc5 13. Nc3 Bc6 
14. Ne5 Qxd3 15. Nxd3 Bd4 16. Bxf6 Bxf6 17. Ne4 Be7 18. Rfc1 Nd7 19. Nec5 Nxc5 
20. Nxc5 Bxg2 21. Kxg2 Rfd8 22. Nd3 Kf8 23. Rc7 Rab8 24. Rac1 Ke8 25. R7c4 f6 
26. f4 Rd7 27. Rc8+ Rxc8 28. Rxc8+ Rd8 29. Rc7 Rd7 30. Rc8+ Rd8 31. Rc7 Rd7 
1/2-1/2

[Event "34th Chess Olympiad (men)"]
[Site "Istanbul"]
[Date "2000.11.09"]
[Round "12.13.2"]
[White "Mikhalchishin, Adrian"]
[Black "Miladinovic, Igor"]
[WhiteElo "2544"]
[BlackElo "2563"]
[WhiteCountry "SLO"]
[BlackCountry "GRE"]
[Result "1/2-1/2"]

1. d4 d5 2. Nf3 Bf5 3. c4 e6 4. Nc3 Nc6 5. Bf4 Nf6 6. e3 Nb4 7. Rc1 dxc4 
8. Bxc4 c6 9. O-O Nbd5 10. Be5 Be7 11. Bd3 Bg6 12. Qe2 O-O 13. Rfd1 Bh5 
14. e4 Nxc3 15. Rxc3 a5 16. h3 Nd7 17. Bh2 Re8 18. a3 a4 19. Bc2 Qa5 
20. Kh1 Bg6 21. Bd3 
1/2-1/2

[Event "34th Chess Olympiad (men)"]
[Site "Istanbul"]
[Date "2000.11.09"]
[Round "12.13.3"]
[White "Nikolaidis, Ioannis"]
[Black "Pavasovic, Dusko"]
[WhiteElo "2515"]
[BlackElo "2523"]
[WhiteCountry "GRE"]
[BlackCountry "SLO"]
[Result "1/2-1/2"]

1. d4 d5 2. c4 e6 3. Nf3 c6 4. e3 Nf6 5. Bd3 Nbd7 6. Nbd2 Bd6 7. e4 e5 
8. cxd5 cxd5 9. exd5 O-O 10. O-O exd4 11. Ne4 Nxe4 12. Bxe4 Nf6 13. Qxd4 Nxe4 
14. Qxe4 Re8 15. Qd4 Bf5 16. Bg5 
1/2-1/2

[Event "34th Chess Olympiad (men)"]
[Site "Istanbul"]
[Date "2000.11.09"]
[Round "12.13.4"]
[White "Sermek, Drazen"]
[Black "Mastrovasilis, Dimitrios"]
[WhiteElo "2514"]
[BlackElo "2386"]
[WhiteCountry "SLO"]
[BlackCountry "GRE"]
[Result "1/2-1/2"]

1. e4 c5 2. c3 Nf6 3. e5 Nd5 4. Nf3 e6 5. d4 cxd4 6. cxd4 d6 7. Bc4 Be7 
8. Qe2 Nc6 9. O-O Nb6 10. Bb3 d5 11. Nc3 Bd7 12. Bf4 a6 13. Rad1 Rc8 
14. Bc2 Nb4 15. Bb1 Na4 16. Qd2 Nxc3 17. bxc3 Nc6 18. Qe3 Na5 
1/2-1/2

[Event "34th Chess Olympiad (men)"]
[Site "Istanbul"]
[Date "2000.11.09"]
[Round "12.14.1"]
[White "Miezis, Normunds"]
[Black "Damljanovic, Branko"]
[WhiteElo "2518"]
[BlackElo "2559"]
[WhiteCountry "LAT"]
[BlackCountry "YUG"]
[Result "1-0"]

1. c4 e5 2. g3 f5 3. d4 exd4 4. Qxd4 Nc6 5. Qe3+ Be7 6. Bg2 Nf6 7. Nc3 O-O 
8. Nh3 Nb4 9. Qd2 a5 10. Nf4 c6 11. O-O Na6 12. Nd3 d6 13. b3 Qe8 14. Bb2 Bd8 
15. Rae1 Ne4 16. Qc2 Nec5 17. Qd1 Qg6 18. Nf4 Qh6 19. e4 Ne6 20. Nxe6 Bxe6 
21. exf5 Bxf5 22. Nd5 Qg6 23. Re7 cxd5 24. Bxd5+ Kh8 25. Rxg7 Qxg7 
26. Bxg7+ Kxg7 27. Bxb7 Rb8 28. Bxa6 Rf6 29. c5 dxc5 30. Bc4 Rf8 31. Bd3 Bxd3 
32. Qxd3 Bf6 33. Re1 a4 34. Re4 axb3 35. axb3 Rf7 36. Rg4+ Kh8 37. Qd5 Rfb7 
38. Qxc5 Rxb3 39. Rf4 Bg7 40. Rf7 R3b5 41. Qe7 Rb1+ 42. Kg2 Rg8 43. h4 Rbb8 
44. h5 h6 45. Qe6 Rbf8 46. Rxg7 Rxg7 47. Qxh6+ Kg8 48. Qe6+ Kh7 49. f3 Rgf7 
50. Qe4+ Kh8 51. g4 Rf4 52. Qd5 
1-0

[Event "34th Chess Olympiad (men)"]
[Site "Istanbul"]
[Date "2000.11.09"]
[Round "12.14.3"]
[White "Meijers, Viesturs"]
[Black "Solak, Dragan"]
[WhiteElo "2478"]
[BlackElo "2490"]
[WhiteCountry "LAT"]
[BlackCountry "YUG"]
[Result "1/2-1/2"]

1. e4 d5 2. exd5 Nf6 3. c4 e6 4. dxe6 Bxe6 5. Be2 Nc6 6. Nf3 Bc5 7. O-O Qd7 
8. d3 O-O-O 9. Nbd2 a5 10. Nb3 Ba7 11. Be3 Bxe3 12. fxe3 Qe7 13. Qc1 Bg4 
14. h3 Bxf3 15. Bxf3 Rxd3 16. Bxc6 bxc6 17. Rf3 Nd7 18. Qe1 Ne5 19. Rf4 a4 
20. Qa5 axb3 21. Qa8+ Kd7 22. Qxh8 Ng6 23. Qxg7 Nxf4 24. exf4 bxa2 25. Kh2 f5 
26. Qxe7+ Kxe7 27. Rxa2 Rd4 28. Kg3 Rxc4 29. Ra5 c5 30. Ra6 Rb4 31. Rc6 c4 
32. Kh4 Kd7 33. Ra6 Rxb2 34. g4 Rb6 35. Ra1 c3 36. Kg5 fxg4 37. hxg4 Ke6 
38. Rc1 Rc6 39. Kh6 Kf7+ 40. Kxh7 Rc4 41. g5 Rxf4 42. g6+ Kf6 43. Rxc3 Rh4+ 
44. Kg8 
1/2-1/2

[Event "34th Chess Olympiad (men)"]
[Site "Istanbul"]
[Date "2000.11.09"]
[Round "12.14.4"]
[White "Kovacevic, Aleksandar"]
[Black "Neiksans, Arturs"]
[WhiteElo "2513"]
[BlackElo "2355"]
[WhiteCountry "YUG"]
[BlackCountry "LAT"]
[Result "0-1"]

1. e4 e5 2. Nf3 Nf6 3. Nxe5 d6 4. Nf3 Nxe4 5. d4 d5 6. Bd3 Nc6 7. O-O Be7 
8. c4 Nb4 9. Be2 O-O 10. Nc3 Be6 11. Ne5 f6 12. Nf3 c6 13. Qb3 Nxc3 
14. bxc3 dxc4 15. Bxc4 Bxc4 16. Qxc4+ Nd5 17. Qb3 b5 18. a4 Qd7 19. Bd2 Rfc8 
20. Rfc1 Kh8 21. c4 bxc4 22. Rxc4 c5 23. dxc5 Rxc5 24. Rd4 Qc6 25. Qd3 Bf8 
26. Rh4 h6 27. Nd4 Qd7 28. Nb3 Rc6 29. Rd4 Rd6 30. Nc5 Qc6 31. Ne4 Rd7 
32. Rc1 Qe6 33. Qf3 Re8 34. h3 Nb6 35. Rxd7 Qxd7 36. a5 Rxe4 37. Qxe4 Qxd2 
38. Ra1 Nd7 39. Qe8 Qd4 40. Re1 Kh7 41. Re4 Qd5 42. Qe6 Qxe6 43. Rxe6 Nc5 
44. Rc6 Nb3 45. g4 Nxa5 46. Ra6 Nb3 47. Rxa7 Nd4 48. Ra4 Ne6 49. h4 h5 
50. f3 Bd6 51. Ra6 Bc5+ 52. Kf1 Nf4 53. Ra1 Bd4 54. Rd1 Be5 55. Kf2 Ng6 
56. Rh1 Bf4 57. Kg2 Be5 58. Kh3 Nf4+ 59. Kh2 f5 60. gxf5 Ne2+ 61. Kh3 Nd4 
62. Kg2 Bf6 63. Rd1 Nxf5 64. Rb1 Bxh4 65. Rb5 Kg6 66. Ra5 Bf6 67. Rb5 Nd4 
68. Ra5 Ne6 69. Kg3 Bg5 70. Rb5 Kf6 71. Ra5 g6 72. Ra6 Bf4+ 73. Kh4 Kf5 
74. Ra7 Be5 75. Rf7+ Bf6+ 76. Kg3 h4+ 77. Kf2 g5 78. Kg2 Nf4+ 79. Kh2 Kg6 
80. Ra7 Bd4 81. Ra2 Bc3 82. Rc2 Be1 83. Rc6+ Kh5 84. Ra6 Bg3+ 85. Kh1 h3 
86. Rc6 Nd3 
0-1

[Event "34th Chess Olympiad (men)"]
[Site "Istanbul"]
[Date "2000.11.09"]
[Round "12.15.3"]
[White "Pelletier, Yannick"]
[Black "Sadvakasov, Darmen"]
[WhiteElo "2474"]
[BlackElo "2509"]
[WhiteCountry "SUI"]
[BlackCountry "KAZ"]
[Result "1-0"]

1. d4 d5 2. c4 dxc4 3. Nf3 Nf6 4. e3 e6 5. Bxc4 c5 6. O-O a6 7. Bb3 b5 8. a4 b4 
9. e4 cxd4 10. e5 Ne4 11. a5 Nc5 12. Bg5 Be7 13. Bxe7 Qxe7 14. Nxd4 Bb7 
15. Ba4+ Nxa4 16. Qxa4+ Nd7 17. Nd2 O-O 18. N4f3 Rac8 19. Rfe1 Bc6 20. Qb3 Bd5 
21. Qe3 Rc2 22. Rec1 Qc5 23. Rxc2 Qxc2 24. Qd4 Qc5 25. Qd3 Bxf3 26. Nxf3 Nxe5 
27. Qxa6 Nxf3+ 28. gxf3 Qg5+ 29. Kh1 Qd2 30. Kg2 Qxb2 31. Ra4 Qd2 32. Qb5 h6 
33. Qxb4 Qxb4 34. Rxb4 Ra8 35. Rb5 Kf8 36. Kf1 Rc8 37. a6 Ra8 38. Rb6 Ke8 
39. Ke2 Kd8 40. Kd3 Kc7 41. Rb7+ Kc6 42. Rxf7 Rxa6 43. Rxg7 Ra5 44. Rg6 Rh5 
45. Rxe6+ Kd5 46. Re8 Rxh2 47. Ke3 Rh1 48. Kf4 Rh5 49. Re2 Kd6 50. Re4 Rg5 
51. Re8 Rh5 52. Ke4 Rh2 53. Ke3 Rh1 54. Ke2 h5 55. f4 h4 56. Kf3 h3 57. Kg3 Kd5 
58. Re3 h2 59. Re2 Rg1+ 60. Kxh2 Rg4 61. Re5+ Kd4 62. Re8 Kd5 63. Re5+ Kd4 
64. Re8 Kd5 65. f3 Rxf4 66. Kg3 Rf6 67. Kg4 Kd6 68. f4 Kd7 69. Re4 Rf8 
70. Kg5 Rg8+ 71. Kf6 Rg4 72. Re7+ 
1-0

[Event "34th Chess Olympiad (men)"]
[Site "Istanbul"]
[Date "2000.11.09"]
[Round "12.15.4"]
[White "Kazhgaleyev, Murtas"]
[Black "Jenni, Florian"]
[WhiteElo "2526"]
[BlackElo "2440"]
[WhiteCountry "KAZ"]
[BlackCountry "SUI"]
[Result "1-0"]

1. d4 Nf6 2. c4 g6 3. Nc3 Bg7 4. Nf3 O-O 5. Bg5 d6 6. e3 c6 7. Be2 a6 8. O-O b5 
9. a3 Bg4 10. Nd2 Bxe2 11. Qxe2 Nbd7 12. Rfc1 Qb6 13. b4 Rfc8 14. a4 a5 
15. bxa5 Qxa5 16. cxb5 cxb5 17. Nb3 Qb4 18. Qxb5 Qxb5 19. Nxb5 Rxc1+ 
20. Nxc1 Kf8 21. Bxf6 Bxf6 22. a5 Ra6 23. Nd3 e5 24. Nb4 Ra8 25. a6 exd4 
26. exd4 Nb6 27. a7 Bd8 28. Ra6 Ke8 29. Nxd6+ Ke7 30. Nc6+ Kxd6 31. Nxd8 Kc7 
32. Nxf7 Kb7 33. Ra1 Nc8 34. Ng5 h5 35. Rb1+ Nb6 36. Ne6 h4 37. Nf4 
1-0

[Event "34th Chess Olympiad (men)"]
[Site "Istanbul"]
[Date "2000.11.09"]
[Round "12.16.1"]
[White "Efimov, Igor"]
[Black "Kasimdzhanov, Rustam"]
[WhiteElo "2520"]
[BlackElo "2690"]
[WhiteCountry "ITA"]
[BlackCountry "UZB"]
[Result "1/2-1/2"]

1. d4 d5 2. c4 c6 3. Nc3 Nf6 4. e3 a6 5. a4 e6 6. Nf3 c5 7. Be2 Nc6 8. O-O cxd4 
9. exd4 Be7 10. b3 O-O 11. Be3 Bd7 12. Ne5 dxc4 13. bxc4 Be8 14. f4 Qa5 
15. Qb3 Bb4 16. Rac1 Rd8 17. Rfd1 Ne7 18. Na2 Nf5 19. Nxb4 Bxa4 20. Qa3 Nxe3 
21. Rd3 Nf5 22. Bd1 Nxd4 23. c5 b5 24. Rxd4 Rxd4 25. Nec6 Rxd1+ 26. Rxd1 Qc7 
27. Rd6 a5 28. Na6 Qb7 29. Qd3 Nd5 30. Nxa5 Qa8 31. Nc6 Nxf4 32. Ne7+ Kh8 
33. Qf3 Qa7 34. Qxf4 Qxe7 35. c6 e5 36. Qb4 Bb3 37. c7 Be6 38. Rd8 Qxb4 
39. Nxb4 Kg8 40. Nc6 f6 41. Rb8 Bd7 42. Na7 Kf7 43. Nxb5 h5 44. Kf2 Ke7 
45. Rxf8 Kxf8 46. Na7 Kf7 47. c8=Q Bxc8 48. Nxc8 Ke6 49. Nb6 g5 50. Ke3 f5 
51. g3 g4 52. Nc4 Kf6 53. Nb2 h4 54. gxh4 Kg6 55. Nd3 Kh5 
1/2-1/2

[Event "34th Chess Olympiad (men)"]
[Site "Istanbul"]
[Date "2000.11.09"]
[Round "12.16.2"]
[White "Zagrebelny, Sergey"]
[Black "Godena, Michele"]
[WhiteElo "2536"]
[BlackElo "2485"]
[WhiteCountry "UZB"]
[BlackCountry "ITA"]
[Result "1-0"]

1. e4 e5 2. Nf3 Nc6 3. Bb5 a6 4. Ba4 Nf6 5. O-O b5 6. Bb3 Bc5 7. a4 Bb7 
8. d3 O-O 9. Nc3 b4 10. Nd5 h6 11. a5 d6 12. Nxf6+ Qxf6 13. Be3 Rab8 
14. Bxc5 dxc5 15. Bc4 Bc8 16. Nd2 Qd6 17. Qh5 Nd4 18. c3 bxc3 19. bxc3 Nb5 
20. Nf3 Nxc3 21. Qxe5 Nb5 22. Qh5 Bd7 23. Rfc1 Rbe8 24. e5 Qe7 25. Re1 Be6 
26. Rac1 Rd8 27. h3 Rfe8 28. Re4 Bxc4 29. Rexc4 Rxd3 30. Rxc5 Red8 31. Kh2 Ra3 
32. Rc6 Rxa5 33. R1c4 Qf8 34. Rg4 Nd6 35. Qxh6 Ra4 36. Qh4 Nf5 37. Qg5 Rxg4 
38. Qxg4 Qe8 39. Rxa6 Nd4 40. Ra5 Qe6 41. Qe4 Nxf3+ 42. Qxf3 Qc4 43. Qe3 c6 
44. Rc5 Qe6 45. f4 Rd5 46. Rc3 g5 47. Qg3 Qf5 48. Qxg5+ Qxg5 49. fxg5 Rxe5 
50. h4 Re6 51. Kg3 Rd6 52. Rc4 Kg7 53. Kf4 Kg6 54. Kg4 Re6 55. h5+ Kg7 
56. Rc5 Rd6 57. Kf5 Rd2 58. g3 Rd6 59. Ra5 Rd8 60. Ra7 Rd5+ 61. Kf4 Rd4+ 
62. Kf5 Rd5+ 63. Kg4 Rd4+ 64. Kh3 Kg8 65. Rc7 Rc4 66. h6 Rc1 67. Kg4 Rc4+ 
68. Kh5 Rc1 69. Kh4 Rc4+ 70. g4 Rc1 71. g6 fxg6 72. Kg5 Rg1 73. Rxc6 Kh7 
74. Rc7+ Kh8 75. Rg7 Ra1 76. Rxg6 Ra5+ 77. Kh4 Kh7 78. Rb6 Kh7 79. Rb6 
1-0

[Event "34th Chess Olympiad (men)"]
[Site "Istanbul"]
[Date "2000.11.09"]
[Round "12.17.1"]
[White "Hatanbaatar, Bazar"]
[Black "Shirov, Alexei"]
[WhiteElo "2507"]
[BlackElo "2746"]
[WhiteCountry "MGL"]
[BlackCountry "ESP"]
[Result "1/2-1/2"]

1. e4 c5 2. Nf3 d6 3. Bb5+ Nd7 4. O-O Ngf6 5. Re1 a6 6. Bf1 b6 7. Nc3 Bb7 
8. d3 g6 9. Ne2 Bg7 10. Ng3 O-O 11. c3 e5 12. h3 d5 13. Nh2 Qc7 14. Ng4 h5 
15. Nxf6+ Nxf6 16. Qc2 Rad8 17. Bg5 Rd7 18. c4 d4 19. Rab1 Nh7 20. Bc1 f5 
21. exf5 gxf5 22. Nxh5 f4 23. b4 Rf5 24. Qd1 Rg5 25. bxc5 Qc6 26. Re4 Qxc5 
27. Be2 Bxe4 28. dxe4 d3 29. Bg4 Rd6 30. Qb3 Rxg4 31. Ba3 Rxg2+ 32. Kxg2 Rg6+ 
33. Kf1 Qd4 34. c5+ Kh8 35. Qd5 Qc3 36. Qb3 Qd4 37. Qd5 Qc3 38. Qb3 Qd4 
39. Qd5 Qc3 
1/2-1/2

[Event "34th Chess Olympiad (men)"]
[Site "Istanbul"]
[Date "2000.11.09"]
[Round "12.17.2"]
[White "Magem, Badals Jordi"]
[Black "Sharavdorj, Dashzeveg"]
[WhiteElo "2482"]
[BlackElo "2448"]
[WhiteCountry "ESP"]
[BlackCountry "MGL"]
[Result "1-0"]

1. e4 e6 2. d3 c5 3. Nf3 Nc6 4. g3 g6 5. Bg2 Bg7 6. O-O Nge7 7. c3 e5 8. a3 a5 
9. Be3 d6 10. d4 cxd4 11. cxd4 O-O 12. d5 Nb8 13. Nc3 h6 14. Nd2 f5 15. Nc4 Ra6 
16. b4 axb4 17. axb4 fxe4 18. Rxa6 Nxa6 19. Bb6 Qd7 20. Nxe4 Nf5 21. Qb3 Nc7 
22. Ra1 Kh8 23. Ra5 Ne8 24. Qa4 Qf7 25. Ra8 Bd7 26. Qd1 Nd4 27. f4 Nb5 
28. fxe5 dxe5 29. Bc5 Rg8 30. Nb6 Bf5 31. d6 Nd4 32. Qf1 Nf6 33. Rxg8+ Kxg8 
34. d7 Nxd7 35. Nd6 Qf6 36. Nxf5 Nxc5 37. Nxh6+ Kh7 38. Qxf6 Bxf6 39. Ng4 Be7 
40. bxc5 Bxc5 
1-0